02470nam a2200337 450000500170000002000290001704000220004608200150006811101870008324501590027026000510042930000340048050400390051452010660055354600090161965000390162865000320166765000390169965000360173865000270177465000270180165000380182865000270186665000380189365000420193165000330197365000190200671000220202571000300204785600550207720251126104624.0 a9987617808cTshs 10000/= aMULIBbeng.eAACR a021.64 LIB aThe importance of a learning resource (library) for building up a modern universitycInternational conference held at Whitesands Hotel in Dar es salaam Tanzania.d 26th to 28th 2003. aLibrary cooperation, information and communication technology :ba compendium of papers: c/ Mzumbe University and Agder University College Kristiansand aMzumbe :bLibrary Cooperation Cluster,cc2005. aiii, 117 p. :bill. ;c21 cm. aIncludes bibliographical reference aThe conference focused on the critical role of learning resources, particularly university libraries, in the development of a modern university. It was jointly organised by Mzumbe University and Adger University College, Kristiansand, and held at Whitesands Hotel, Dar es Salaam, Tanzania. The event brought together participants and experts from Tanzania and Norway to discuss key themes related to library and information services in higher education. The main outcomes of the conference highlighted the importance of resource sharing and institutional collaboration; the evolving role of university libraries in the era of information explosion and technological advancement; the development of electronic resource-sharing networks; and the management of university libraries in the digital age. Other discussions centred on the implementation of information literacy programmes, the relationship between internet access and poverty reduction, IT adoption in Tanzanian educational institutions, and the role of information technology in national development. aeng. aLibrary resource sharingzTanzania aLibrary consortiazTanzania aInformation technology management aInformation literacy programmes a Library user services aCurriculum development a Library and information science  aLibraryvCollaboration a Library and information networks aCollection development and management a Poverty reductionzTanzania aICTvLibraries aMzumbe University aAgder University College  uhttps://scholar.mzumbe.ac.tz/handle/123456789/1895